Reforma educacional en Chile : discursos de S.E. el Presidente de la República don Eduardo Frei Montalva, Ministro de Educación don Juan Gómez Millas, Subsecretario de Educación don Patricio Rojas Saavedra.

Bibliographic Details
Main Author: Frei Montalva, Eduardo 1911-1982
Other Authors: Gómez Millas, Juan, Rojas Saavedra, Patricio
Format: Libro
Language:Spanish
Published: Santiago de Chile Departamento de Cultura y Publicaciones de la Subsecretaría de Educación 1966
Subjects:

MARC

LEADER 00000cam a2200000 a 4500
001 016941
003 UAHC_CL
005 20170803121430.0
008 091023s1966 cl 000 spa
040 |a UAHC_CL  |c UAHC_CL  |d UAHC_CL 
082 0 4 |a 379.83  |b F862  |2 20 
100 1 |a Frei Montalva, Eduardo  |d 1911-1982 
245 1 0 |a Reforma educacional en Chile :  |b discursos de S.E. el Presidente de la República don Eduardo Frei Montalva, Ministro de Educación don Juan Gómez Millas, Subsecretario de Educación don Patricio Rojas Saavedra. 
260 |b Departamento de Cultura y Publicaciones de la Subsecretaría de Educación  |a Santiago de Chile  |c 1966 
300 |a 36 p. 
650 4 |a POLITICA EDUCATIVA  |z CHILE  |y 1965 
650 4 |a REFORMA EDUCACIONAL  |z CHILE 
700 1 |a Gómez Millas, Juan 
700 1 |a Rojas Saavedra, Patricio 
900 |a 379.83 FRE 
942 |c BK 
952 |0 0  |1 0  |4 0  |6 379_830000000000000_FRE  |7 0  |8 General  |9 33702  |a BC  |b BC  |c General  |d 2017-08-03  |o 379.83 FRE  |p 1374924  |r 2026-01-13 00:00:00  |t 1  |w 2017-08-03  |y BK 
999 |c 16941  |d 16941